=LDR 00000nam 2200000 4500 =001 INLIS000000000048952 =005 20260529032649 =035 ##$$a 0010-011700000000233 =008 260529################g##########0#ind## =020 ##$$a 978-979-007-588-7 =082 ##$$a R. 380.102 6 =090 ##$$a R.380.102 6 Ind u =245 1#$$a Undang - undang Perindustrian ( UU RI no 3 Tahun 2014 ) dan Undang - undang Perdagangan ( UU RI no 7 Tahun 2014 ) =260 ##$$a Jakarta :$b Sinar Grafika,$c 2014 =300 ##$$a ix, 221 hlm. ; $c 21 x 11 cm. =650 #4$$a Perdagangan - Undang - Undang dan Peraturan =850 ##$$a NBPDMAT =084 ##$$a R. 380.102 6 IND u =250 ##$$a Cet. 1 =100 #$$a INDONESIA =990 ##$$a 21601870 =990 ##$$a 21601871 =990 ##$$a 21601872 =990 ##$$a 21601873 =990 ##$$a 21601874 =990 ##$$a 21601874 =990 ##$$a 21601870 =990 ##$$a 21601871 =990 ##$$a 21601872 =990 ##$$a 21601873 =990 ##$$a 21601872 =990 ##$$a 21601870 =990 ##$$a 21601871 =990 ##$$a 21601873 =990 ##$$a 21601874 =990 ##$$a 21601871 =990 ##$$a 21601870 =990 ##$$a 21601872 =990 ##$$a 21601873 =990 ##$$a 21601874 =990 ##$$a 21601870 =990 ##$$a 21601871 =990 ##$$a 21601872 =990 ##$$a 21601873 =990 ##$$a 21601874 =990 ##$$a 21601873 =990 ##$$a 21601870 =990 ##$$a 21601871 =990 ##$$a 21601872 =990 ##$$a 21601874